Effect of carbon black and BaSO4 on the thermo-chemical resistance of natural rubber composite (Record no. 57725)

MARC details
000 -LEADER
fixed length control field 00533nam a2200133Ia 4500
100 ## - MAIN ENTRY--AUTHOR NAME
Personal name Nandakumar N
245 #0 - TITLE STATEMENT
Title Effect of carbon black and BaSO4 on the thermo-chemical resistance of natural rubber composite
260 ## - PUBLICATION, DISTRIBUTION, ETC. (IMPRINT)
Name of publisher IRC 2012. International Rubber Conference, 28-31 October 2012, Kovalam, India, Rubber Research Institute of India, Kottayam and IRRDB, Malaysia: Abstracts. pp.111.
650 ## - SUBJECT ADDED ENTRY--TOPICAL TERM
Topical Term Nanocomposites
650 ## - SUBJECT ADDED ENTRY--TOPICAL TERM
Topical Term Nanoparticles
700 ## - ADDED ENTRY--PERSONAL NAME
Personal name Kurian P
942 ## - ADDED ENTRY ELEMENTS (KOHA)
Koha item type Journals
Holdings
Withdrawn status Lost status Damaged status Not for loan Home library Current library Shelving location Date acquired Koha item type
      Journals RRII Library RRII Library Rubber technology 06/03/2013 Journals